[Event "13th European Seniors"]
[Site "Plovdiv BUL"]
[Date "2013.03.13"]
[Round "3"]
[White "Bojarinov,V"]
[Black "Velikov,P"]
[Result "1/2-1/2"]
[WhiteElo "2343"]
[BlackElo "2417"]

1.e4 c5 2.Nf3 e6 3.d4 cxd4 4.Nxd4 a6 5.Nc3 Qc7 6.Be2 Nf6 7.O-O d6 8.f4 Nc6
9.Be3 Be7 10.Qe1 O-O 11.Kh1 Nxd4 12.Bxd4 b5 13.e5 Ne8 14.Bd3 Bb7 15.a4 b4
16.Ne4 Qd8 17.Rd1 dxe5 18.fxe5 Qxd4 19.Nf6+ Nxf6 20.Bxh7+ Nxh7 21.Rxd4 Bd5
22.Qe2 Rac8 23.Qxa6 Rxc2 24.Rxd5 exd5 25.Qb7 Bc5 26.Qxd5 Ng5 27.Qd1 Rc4 28.Qd5 Rc2
29.h3 Ne6 30.b3 Ra2 31.Qb7 Ra3 32.Qd5 Re8 33.Qb7 Rf8 34.Qd5 Re8 35.Qb7 Rf8
36.Qd5  1/2-1/2

[Event "Karpos Open 2013"]
[Site "Skopje MKD"]
[Date "2013.03.13"]
[Round "6.57"]
[White "Tesik,C"]
[Black "Vidic,M SLO"]
[Result "0-1"]
[WhiteElo "2366"]
[BlackElo "2096"]

1.e4 c5 2.Nf3 e6 3.d4 cxd4 4.Nxd4 a6 5.Nc3 b5 6.Bd3 Qb6 7.Nb3 Qc7 8.O-O Nf6
9.f4 Bb7 10.Qe2 Be7 11.e5 Nd5 12.Ne4 f5 13.exf6 Nxf6 14.Nxf6+ Bxf6 15.f5 e5
16.Qh5+ Ke7 17.Bd2 d6 18.Qe2 Nd7 19.c4 bxc4 20.Bxc4 d5 21.Bb4+ Kf7 22.Na5 Qb6+
23.Kh1 Qxb4 24.Nxb7 Qxb7 25.Qf3 Nb6 26.Qh5+ Ke7 27.Bb3 Rac8 28.Rad1 h6 29.Qg4 Nc4
30.Qf3 Rhd8 31.Rfe1 Qc6 32.Rc1 Kf8 33.Red1 e4 34.Qe2 Qb5 35.Qe1 Nb6 36.Rxc8 Rxc8
37.Qg3 Kg8 38.h3 Kh8 39.Qd6 a5 40.Qe6 Qc6 41.Qf7 a4 42.Bxd5 Nxd5 43.Rxd5 Qc1+
44.Kh2 Qf4+  0-1

[Event "Karpos Open 2013"]
[Site "Skopje MKD"]
[Date "2013.03.14"]
[Round "7.21"]
[White "Sanal,V"]
[Black "Damljanovic,B"]
[Result "1-0"]
[WhiteElo "2404"]
[BlackElo "2562"]

1.e4 c5 2.Nf3 e6 3.d4 cxd4 4.Nxd4 a6 5.Nc3 Qc7 6.Bd3 Bc5 7.Nb3 Be7 8.Qg4 g6
9.Qe2 d6 10.O-O Nd7 11.Bd2 b6 12.Rae1 Bb7 13.f4 Ngf6 14.e5 Nh5 15.f5 dxe5
16.fxe6 fxe6 17.Qg4 Nhf6 18.Qxe6 Qc6 19.Qh3 O-O 20.Bh6 Rfe8 21.Ne4 Bd8 22.Kh1 b5
23.Bg5 Nxe4 24.Bxe4 Qc7 25.Bxb7 Qxb7 26.Rd1 Nf8 27.Nc5 Qc6 28.Qb3+ Kh8 29.Bh6 g5
30.Bxf8 Bb6 31.Nd7 Bd4 32.Qf7 Qg6 33.c3 Be3 34.Qxg6 hxg6 35.Bc5 Bxc5 36.Nxc5 e4
37.Rd4 e3 38.Ne4  1-0

[Event "Karpos Open 2013"]
[Site "Skopje MKD"]
[Date "2013.03.15"]
[Round "8.58"]
[White "Strugnell,C"]
[Black "Vidic,M SLO"]
[Result "1-0"]
[WhiteElo "2301"]
[BlackElo "2096"]

1.e4 c5 2.Nc3 e6 3.Nf3 a6 4.d4 cxd4 5.Nxd4 Qc7 6.Bd3 Nf6 7.O-O b5 8.Re1 d6
9.a4 b4 10.Na2 d5 11.exd5 Nxd5 12.Qh5 Nf6 13.Qh4 Be7 14.Bg5 Bb7 15.c3 bxc3
16.Nxc3 h6 17.Rac1 Qd8 18.Rcd1 Qa5 19.Nf5 Nbd7 20.Nxg7+ Kf8 21.Bxh6 Kg8 22.Nf5 Rxh6
23.Qg5+ Kf8 24.Qxh6+ Ke8 25.Qh8+ Nf8 26.Bb5+  1-0

[Event "Karpos Open 2013"]
[Site "Skopje MKD"]
[Date "2013.03.15"]
[Round "8.90"]
[White "Minovski,Gjorgji"]
[Black "Semsiu,Agim"]
[Result "0-1"]
[WhiteElo "1924"]
[BlackElo "2010"]

1.e4 c5 2.Nf3 e6 3.d4 cxd4 4.Nxd4 a6 5.Nc3 Qc7 6.g3 Bb4 7.Bd2 Nc6 8.Nxc6 bxc6
9.Qg4 Qe5 10.f4 Qf6 11.Bd3 h5 12.Qf3 d5 13.O-O-O Rb8 14.Rhe1 Kf8 15.e5 Qd8
16.f5 d4 17.Na4 Bxd2+ 18.Rxd2 Ne7 19.f6 Nd5 20.fxg7+ Kxg7 21.Rf1 Qe7 22.Be4 Ne3
23.Qf6+ Qxf6 24.exf6+ Kh6 25.Re1 Rb4 26.b3 e5 27.Nc5 Rb5 28.Nd3 Bd7 29.Nb2 Be8
30.Bd3 Ra5 31.Nc4 Rxa2 32.Rxe3 dxe3 33.Nxe3 Ra1+ 34.Kb2 Re1 35.Nf5+ Kg5 36.h4+ Kxf6
37.Rf2 e4 38.Bxa6 Ke5 39.Ng7 e3 40.Rf5+ Kd6 41.Nxh5 e2 42.Kc3 Rf1 43.Rxf1 exf1=Q
44.Bxf1 Rxh5  0-1

[Event "13th European Seniors"]
[Site "Plovdiv BUL"]
[Date "2013.03.16"]
[Round "6"]
[White "Gerchikov,P"]
[Black "Urbanc,V"]
[Result "1-0"]
[WhiteElo "2035"]
[BlackElo "1922"]

1.Nc3 e6 2.e4 c5 3.Nf3 a6 4.d4 cxd4 5.Nxd4 Qc7 6.a3 Nf6 7.Be2 Nc6 8.Nxc6 bxc6
9.O-O d5 10.Bf3 Bb7 11.Re1 Be7 12.Bg5 Rd8 13.Qc1 d4 14.Na4 c5 15.b3 h6 16.Bf4 e5
17.Bg3 Nd7 18.Nb2 Bg5 19.Qd1 O-O 20.Nc4 Rfe8 21.a4 Bf4 22.Bxf4 exf4 23.e5 Bc8
24.Qe2 g5 25.h3 Nf8 26.Nd6 Re7 27.Bd5 Kg7 28.Qc4 Ng6 29.Nxc8 Rxc8 30.e6 Ne5
31.Qxa6 fxe6 32.Be4 Nf7 33.a5 Nd6 34.Bf3 e5 35.Qd3 Rb8 36.a6 Nb5 37.Bb7 Na7
38.Qf5 Rf8 39.Qe4 Kf6 40.Qf3 Qb6 41.Re2 Nb5 42.Qh5 Kg7 43.h4 Nc3 44.Ree1 e4
45.hxg5 hxg5 46.Qxg5+ Kf7 47.Qxf4+ Kg8 48.Qg5+ Rg7 49.Bd5+ Kh8 50.Qh5+ Rh7
51.Qe5+ Rg7 52.Bxe4 Nxe4 53.Rxe4 Qg6 54.Rh4+ Kg8 55.Qd5+ Rgf7 56.a7 Qxc2
57.Rf4 Kh8 58.Rxf7 Re8  1-0

[Event "13th European Seniors"]
[Site "Plovdiv BUL"]
[Date "2013.03.17"]
[Round "7"]
[White "Tseitlin,Ma"]
[Black "Pritchett,C"]
[Result "1-0"]
[WhiteElo "2380"]
[BlackElo "2352"]

1.e4 c5 2.Nf3 e6 3.Nc3 a6 4.d4 cxd4 5.Nxd4 Nc6 6.Nxc6 bxc6 7.Bd3 d5 8.O-O Nf6
9.Qf3 Be7 10.e5 Nd7 11.Qg3 Qc7 12.Re1 g6 13.Bh6 f5 14.exf6 Qxg3 15.hxg3 Nxf6
16.Na4 Kf7 17.c4 Bb7 18.Rac1 Rhe8 19.Bf4 Nd7 20.g4 c5 21.Nc3 Bf6 22.g5 Bxc3
23.bxc3 e5 24.Rb1 Ra7 25.Bg3 e4 26.Bc2 dxc4 27.Ba4 Ba8 28.Red1 Re7 29.Rd6 e3
30.f3 Ne5 31.Rb8 e2 32.Rdd8 Bc6 33.Rf8+ Ke6 34.Rf6+ Kd7 35.Bxc6+ Nxc6 36.Rd6+ Kc7
37.Rd5+ Re5 38.Rb1 Rb7 39.Re1  1-0

[Event "3rd HD Bank Cup 2013"]
[Site "Ho Chi Minh City VIE"]
[Date "2013.03.21"]
[Round "4.11"]
[White "Hoang Canh Huan"]
[Black "Yu Yangyi"]
[Result "1/2-1/2"]
[WhiteElo "2371"]
[BlackElo "2696"]

1.e4 c5 2.Nf3 e6 3.Nc3 a6 4.d4 cxd4 5.Nxd4 Qc7 6.g3 Bb4 7.Ne2 Nf6 8.Bg2 Be7
9.O-O d6 10.h3 Nc6 11.g4 b5 12.a3 Bb7 13.Ng3 Ne5 14.f4 Nc4 15.g5 Nd7 16.b3 Qc5+
17.Rf2 Ne3 18.Bxe3 Qxe3 19.Qd3 Qxd3 20.cxd3 Rc8 21.Na2 h6 22.h4 hxg5 23.hxg5 g6
24.d4 e5 25.Rc1 Rxc1+ 26.Nxc1 exf4 27.Nge2 Bxg5 28.Nxf4 Nf6 29.Ncd3 Rh4 30.e5 Ne4
31.Rf1 dxe5 32.dxe5 Bd8 33.Bf3 Bg5 34.Bg2 Rg4 35.Kh2 Bxf4+ 36.Nxf4 g5 37.Nh3 Nd2
38.Rf2 Rxg2+ 39.Rxg2 Bxg2 40.Kxg2 g4 41.Ng5 Nxb3 42.Ne4 Nd4 43.Nc5 a5 44.Kg3 Nc6
45.Kxg4 Nxe5+ 46.Kf5 Nc4 47.a4 bxa4 48.Nxa4 Kd7 49.Ke4 Kc6 50.Kd4 Nb6 51.Nc3 a4
52.Ne4 a3 53.Kc3 Kd5 54.Nf6+ Ke5 55.Ng4+ Kf5 56.Ne3+ Ke4 57.Nc2 a2 58.Kb2 Kd3
59.Ne1+ Ke2 60.Nc2 Kd3 61.Ne1+ Kd2 62.Nf3+ Ke3 63.Ng5 f5 64.Ne6 Ke4 65.Kxa2 Ke5
66.Nc5 Kd5 67.Nd3 Ke4 68.Nc5+ Kd5 69.Nd3 Kd4 70.Nf4 Nd5 71.Ng6 Kc3 72.Kb1 Kd2
73.Ka2 Ne3 74.Kb3 Ng2 75.Kc4 Ke3 76.Ne7  1/2-1/2

[Event "ch-Moscow 2013"]
[Site "Moscow RUS"]
[Date "2013.03.22"]
[Round "1.1"]
[White "Najer,E"]
[Black "Ulko,J"]
[Result "1-0"]
[WhiteElo "2634"]
[BlackElo "2444"]

1.e4 c5 2.Nf3 e6 3.d4 cxd4 4.Nxd4 a6 5.Nc3 Qc7 6.Bd3 Nc6 7.Nxc6 bxc6 8.O-O Nf6
9.Qf3 Bd6 10.Qh3 c5 11.b3 Be5 12.Bd2 Bb7 13.Rae1 g5 14.Na4 Rg8 15.Bc3 Bxc3
16.Nxc3 Qe5 17.Na4 Rd8 18.Qg3 Qf4 19.Nxc5 Bc6 20.Nxa6 Ke7 21.a4 h5 22.Nb4 Ba8
23.e5 Qxb4 24.exf6+ Kxf6 25.Bh7 h4 26.Qe5+ Ke7 27.Bxg8 Rxg8 28.Qb5 Qg4 29.Qc5+ Kd8
30.f3  1-0

[Event "Nis Open 2013"]
[Site "Nis SRB"]
[Date "2013.03.22"]
[Round "2.8"]
[White "Djuric,R"]
[Black "Ilic,Zo1"]
[Result "0-1"]
[WhiteElo "2103"]
[BlackElo "2293"]

1.e4 c5 2.Nf3 e6 3.d4 cxd4 4.Nxd4 a6 5.Nc3 b5 6.Bd3 Qb6 7.Be3 Bc5 8.Nce2 Nf6
9.O-O Ng4 10.Ng3 Nxe3 11.fxe3 Bxd4 12.exd4 Qxd4+ 13.Kh1 Nc6 14.c3 Qe5 15.Qe2 O-O
16.Qg4 Ne7 17.Rae1 d6 18.Bb1 Bd7 19.Ne2 Rac8 20.Nd4 Rc5 21.Nf3 Qh5 22.Qg3 e5
23.Rd1 Nc8 24.Rd2 f6 25.Ne1 Rc4 26.Bd3 Rc7 27.Nc2 Bc6 28.Rff2 Qg5 29.Qxg5 fxg5
30.Ne3 Nb6 31.a3 d5 32.exd5 Rxf2 33.Rxf2 Nxd5 34.Nxd5 Bxd5  0-1

[Event "TCh-AUT 2012-13"]
[Site "St.Veit AUT"]
[Date "2013.03.22"]
[Round "9.3"]
[White "Pilz,D"]
[Black "Siebrecht,S"]
[Result "0-1"]
[WhiteElo "2312"]
[BlackElo "2481"]

1.e4 c5 2.Nf3 e6 3.Nc3 a6 4.d4 cxd4 5.Nxd4 b5 6.a3 Bb7 7.Bd3 d6 8.O-O Nf6
9.Kh1 Nbd7 10.f4 Qc7 11.Qe2 Be7 12.Bd2 g6 13.Rae1 e5 14.Nf3 O-O 15.fxe5 Nxe5
16.Nxe5 dxe5 17.Bh6 Rfe8 18.Qf3 Rad8 19.h3 Rd6 20.Bg5 Qd7 21.Re2 Qe6 22.Ref2 Nh5
23.Be3 Bh4 24.Qxf7+ Qxf7 25.Rxf7 Ng3+ 26.Kg1 Nxf1 27.Rxf1 Kg7 28.Rf3 Rf6
29.Kf1 Rxf3+ 30.gxf3 Be7 31.Kg2 Rc8 32.Nd5 Bxd5 33.exd5 Bc5 34.Kf2 Kf6 35.Ke2 h5
36.Bd2 g5 37.Bc1 Rg8 38.a4 bxa4 39.Bxa6 Rb8 40.c4 Rb4 41.Bb5 e4 42.fxe4 Ke5
43.Kd3 g4 44.hxg4 hxg4 45.Bd7 g3 46.Bh3 Rb3+ 47.Ke2 Kxe4  0-1

[Event "19th Schloss Open"]
[Site "Werther GER"]
[Date "2013.03.22"]
[Round "3.5"]
[White "Haskenhoff,J"]
[Black "Hilverda,A"]
[Result "0-1"]
[WhiteElo "2048"]
[BlackElo "2321"]

1.e4 c5 2.Nf3 e6 3.d4 cxd4 4.Nxd4 a6 5.Nc3 Qc7 6.Be2 b5 7.a3 Bb7 8.f4 Bc5
9.Be3 d6 10.Qd3 Nd7 11.O-O Ba7 12.Bf3 Ngf6 13.Kh1 Nc5 14.Qe2 O-O 15.Bg1 Ncd7
16.Rad1 Bc5 17.Nb3 Bxg1 18.Rxg1 Rac8 19.Qd3 Nb6 20.Na5 Nc4 21.Nxc4 Qxc4 22.Qe3 b4
23.Rd4 Qc7 24.axb4 e5 25.Rd2 Qc4 26.fxe5 dxe5 27.Nd5 Bxd5 28.exd5 e4 29.Be2 Qxb4
30.c3 Qa5 31.Rgd1 Rfd8 32.d6 Rc6 33.Qa7 h6 34.Qb7 Qc5 35.Bxa6 e3 36.Rd4 Qb6
37.Qxb6 Rxb6 38.Be2 Rxb2 39.Bf3 Ne8 40.Re4 e2 41.Bxe2 Nxd6 42.Re3 Re8 43.Rxe8+ Nxe8
44.Bd3 Kf8 45.h3 Nc7 46.Rc1 Ne6 47.Kh2 Ke7 48.Kg3 g5 49.Kf3 Nf4 50.Bf1 Kd6
51.g3 Ne6 52.Bc4 h5 53.Bxe6 fxe6 54.Rd1+ Ke5 55.Re1+ Kd5 56.c4+ Kd6 57.h4 gxh4
58.gxh4 Rc2 59.Re4 e5 60.Ke3 Rc3+ 61.Kd2 Rh3 62.Ke2 Ke6 63.c5 Rc3 64.Ra4 Rxc5
65.Kf3 Kf5 66.Ra3 Rc4 67.Kg3 Ke4 68.Ra8 Rc3+ 69.Kg2 Kf4 70.Rg8 Rc2+ 71.Kg1 e4
72.Rg5 Kf3 73.Rxh5 Rc1+ 74.Kh2 e3 75.Rf5+ Ke4 76.Rf8 e2 77.Re8+ Kf3 78.Rxe2 Kxe2
79.Kg3 Rc4  0-1

[Event "19th Schloss Open"]
[Site "Werther GER"]
[Date "2013.03.22"]
[Round "3.9"]
[White "Schaffarczyk,A"]
[Black "Leisner,H"]
[Result "1/2-1/2"]
[WhiteElo "2124"]
[BlackElo "2241"]

1.e4 c5 2.Nf3 e6 3.d4 cxd4 4.Nxd4 a6 5.Nc3 Qc7 6.Be2 b5 7.O-O Bb7 8.Bf3 Nc6
9.Nxc6 dxc6 10.Qe2 Bd6 11.g3 Nf6 12.Re1 Nd7 13.a4 b4 14.Nd1 a5 15.Ne3 Ba6
16.Qd1 O-O 17.Be2 Bb7 18.Nc4 Be7 19.Bf1 Rfd8 20.Qg4 Nf6 21.Qf4 Qxf4 22.Bxf4 Bc5
23.Bc7 Ng4 24.Bb6 Bxb6 25.Nxb6 Rab8 26.Nc4 Ra8 27.Nb6 Rab8 28.Nc4 Ra8 29.f3 Nf6
30.Red1 Rxd1 31.Rxd1 Kf8 32.Nb6 Re8 33.Kf2 Ke7 34.Ke3 Rb8 35.Nc4 Ra8 36.h4 h6
37.Nb6 Rb8 38.Nc4 Ra8 39.Rd6 Ne8 40.Rd1 Nf6 41.Nb6 Rb8 42.Nc4  1/2-1/2

[Event "ch-Moscow 2013"]
[Site "Moscow RUS"]
[Date "2013.03.23"]
[Round "2.1"]
[White "Antipov,M2"]
[Black "Najer,E"]
[Result "0-1"]
[WhiteElo "2473"]
[BlackElo "2634"]

1.e4 c5 2.Nf3 e6 3.d4 cxd4 4.Nxd4 a6 5.Nc3 b5 6.Bd3 Qb6 7.Nb3 Qc7 8.O-O Nf6
9.Qe2 Nc6 10.f4 d6 11.Nd1 Be7 12.Nf2 Bb7 13.Bd2 O-O 14.g4 Nd7 15.g5 Nc5 16.Nxc5 dxc5
17.c3 c4 18.Bc2 f5 19.Nh1 e5 20.exf5 exf4 21.Qh5 Bc5+ 22.Rf2 Ne5  0-1

[Event "Nis Open 2013"]
[Site "Nis SRB"]
[Date "2013.03.23"]
[Round "4.8"]
[White "Stojiljkovic,Stefan"]
[Black "Livaja,M"]
[Result "1/2-1/2"]
[WhiteElo "2034"]
[BlackElo "2227"]

1.e4 c5 2.Nf3 e6 3.d4 cxd4 4.Nxd4 a6 5.Nc3 Nc6 6.Nb3 Qc7 7.Be3 Nf6 8.Be2 Be7
9.O-O O-O 10.Kh1 b5 11.a3 d6 12.f4 Bb7 13.Bf3 Rfd8 14.Qe2 Rac8 15.Qf2 Qb8
16.Rad1 Qa8 17.Bb6 Re8 18.Rfe1 Nd7 19.Bg4 Nxb6 20.Qxb6 Bd8 21.Qf2 Qb8 22.Qd2 Be7
23.Nd5 Bf8 24.Ne3 Qc7 25.Qf2 Rcd8 26.f5 Ne5 27.fxe6 fxe6 28.Nd4 Nxg4 29.Nxg4 h5
30.Ne3 Bxe4 31.Qh4 d5 32.Qxh5 Bd6 33.Ng4 Bf4 34.Rf1 e5 35.Nf5 Re6 36.c3 Rf8
37.Ng3 Bg6 38.Qh3 Qd6 39.Nh5 Ree8 40.Nxf4 exf4 41.Rd4 Re2 42.Qf3 Rxb2 43.Rxd5 Qxa3
44.Ne5 Be8 45.Rd8 Qe7 46.Qd5+ Kh7 47.Qe4+ Kg8 48.Qd5+ Kh7 49.Qe4+ Kg8 50.Qd5+  1/2-1/2

[Event "19th Schloss Open"]
[Site "Werther GER"]
[Date "2013.03.23"]
[Round "5.10"]
[White "Haskenhoff,J"]
[Black "Weimann,M"]
[Result "1/2-1/2"]
[WhiteElo "2048"]
[BlackElo "2132"]

1.e4 c5 2.Nf3 e6 3.d4 cxd4 4.Nxd4 a6 5.Nc3 Qc7 6.Be2 Nc6 7.Be3 b5 8.a3 Bb7
9.f4 Nxd4 10.Qxd4 Ne7 11.O-O Nc6 12.Qd3 Be7 13.Rad1 d6 14.Kh1 Rc8 15.Bc1 Na5
16.Qg3 Bf6 17.e5 dxe5 18.Bxb5+ Nc6 19.Ba4 O-O 20.Ne4 Be7 21.fxe5 Qxe5 22.Qxe5 Nxe5
23.Nd6 Bxd6 24.Rxd6 Rc4 25.Bb3 Rg4 26.Rf2 Re4 27.Rd1 Ng4 28.Rfd2 h5 29.h3 Ne5
30.Rf2 Rc8 31.c3 Nc4 32.Bc2 Re5 33.b3 Ne3 34.Re1 Rxc3 35.Bb2 Nxg2 36.Rxe5 Rxh3+
37.Kg1 Ne3 38.Be4 Rg3+ 39.Kh2 h4 40.Rf4 Bxe4 41.Rexe4 g5 42.Rxe3 Rxe3 43.Rg4 Rxb3
44.Rxg5+ Kf8 45.Bg7+ Ke7 46.Ra5 Rb6 47.Kh3 Kd6 48.Bd4 Rc6 49.Be5+ Ke7 50.Kxh4 f6
51.Bg3 Rb6 52.Bf2 Rc6 53.Bc5+ Kd7 54.Kh5 e5 55.Kg4 Ke6 56.Be3 Rc4+ 57.Kf3 Rc6
58.Bd2 Kf5 59.Ra4 Rd6 60.Ke3 Ke6 61.Bc3 Rc6 62.Bd2 Kd5 63.Ra5+  1/2-1/2

[Event "44th Marcel Duchamp"]
[Site "Buenos Aires ARG"]
[Date "2013.03.24"]
[Round "1.3"]
[White "Alonso,S"]
[Black "Krumrick,Ezequiel Arturo"]
[Result "1-0"]
[WhiteElo "2521"]
[BlackElo "1957"]

1.e4 c5 2.Nf3 e6 3.d4 cxd4 4.Nxd4 a6 5.Nc3 Qc7 6.Bd3 Nf6 7.f4 d6 8.Qe2 Nc6
9.Nxc6 bxc6 10.e5 Nd5 11.Nxd5 cxd5 12.O-O Be7 13.Kh1 Bb7 14.b3 dxe5 15.fxe5 Bb4
16.Bb2 h5 17.Rf4 Be7 18.Raf1 Bg5 19.Rxf7 Qxf7 20.Rxf7 Kxf7 21.Qf2+ Kg8 22.Qb6  1-0

[Event "TCh-CZE Extraliga 2012-13"]
[Site "Czech Republic CZE"]
[Date "2013.03.24"]
[Round "8.3"]
[White "Bures,J"]
[Black "Jaracz,P"]
[Result "0-1"]
[WhiteElo "2397"]
[BlackElo "2548"]

1.e4 c5 2.Nf3 e6 3.d4 cxd4 4.Nxd4 a6 5.Nc3 d6 6.f4 b5 7.Bd3 Bb7 8.Qe2 Nd7
9.a4 b4 10.Na2 Ngf6 11.Nxb4 Nc5 12.Be3 Nfxe4 13.O-O Qd7 14.f5 e5 15.Nf3 Nxd3
16.cxd3 Nf6 17.Bg5 Be7 18.d4 O-O 19.a5 Qxf5 20.Bxf6 Bxf6 21.d5 Qg4 22.Qd2 e4
23.Ne1 e3  0-1

[Event "Norwegian Open 2013"]
[Site "Fagernes NOR"]
[Date "2013.03.24"]
[Round "7"]
[White "Moen,A"]
[Black "Miezis,N"]
[Result "0-1"]
[WhiteElo "2390"]
[BlackElo "2552"]

1.e4 c5 2.Nf3 e6 3.d4 cxd4 4.Nxd4 a6 5.Nc3 Qc7 6.Bd3 Nc6 7.Nxc6 dxc6 8.O-O Nf6
9.f4 e5 10.Kh1 Bc5 11.Qf3 h5 12.f5 b5 13.Qg3 Kf8 14.a4 h4 15.Qf3 Bb7 16.Bg5 Re8
17.Rad1 Be7 18.axb5 axb5 19.Ne2 Qb6 20.h3 Rd8 21.Kh2 c5 22.Nc3 c4 23.Be2 Rd4
24.Bxf6 gxf6 25.Nd5 Bxd5 26.exd5 Bc5 27.Rxd4 exd4 28.Qe4 Qd6+ 29.Kh1 Qg3
30.Rf3 Qe5 31.Rf4 Bd6 32.Qxe5 fxe5 33.Re4 Ke7 34.b3 Rc8 35.bxc4 bxc4 36.Bd1 Rb8
37.Kg1 Rb1 38.Re1 d3 39.cxd3 cxd3 40.f6+ Kxf6  0-1

[Event "ch-SRB w 2013"]
[Site "Pirot SRB"]
[Date "2013.03.24"]
[Round "2"]
[White "Zarkovic,M"]
[Black "Manakova,M"]
[Result "1/2-1/2"]
[WhiteElo "2053"]
[BlackElo "2347"]

1.e4 c5 2.Nf3 e6 3.d4 cxd4 4.Nxd4 a6 5.Nc3 Qc7 6.Be3 Bb4 7.Qd3 Nf6 8.f3 d5
9.exd5 Nxd5 10.Bd2 Nxc3 11.Bxc3 Bxc3+ 12.Qxc3 Qxc3+ 13.bxc3 b6 14.Bd3 Bb7
15.a4 O-O 16.Rb1 Nd7 17.a5 b5 18.c4 Nc5 19.cxb5 axb5 20.Rxb5 Nxd3+ 21.cxd3 Ba6
22.Rb3 Rfd8 23.Nc6 Rxd3 24.Rxd3 Bxd3 25.Kd2 Bb5 26.Rc1 g6 27.Nb4 Kf8 28.Rc5 Bf1
29.g3 Ke7 30.Kc3 Kd6 31.Rc6+ Kd7 32.Rc5 Kd6 33.Rc6+ Kd7 34.Rc5 f6 35.f4 Kd6
36.Kd4 g5 37.Rc6+ Kd7 38.Rc5 gxf4 39.gxf4 Rb8 40.Kc3 Ra8 41.Kd4 Rb8 42.Nc6 Rc8  1/2-1/2

[Event "19th Schloss Open"]
[Site "Werther GER"]
[Date "2013.03.24"]
[Round "7.5"]
[White "Kummerow,H"]
[Black "Gazic,J"]
[Result "1/2-1/2"]
[WhiteElo "2329"]
[BlackElo "2283"]

1.e4 c5 2.Nf3 e6 3.d4 cxd4 4.Nxd4 a6 5.Nc3 Bb4 6.Bd3 Nc6 7.Nxc6 dxc6 8.O-O e5
9.Qf3 Qh4 10.Be3 Nf6 11.a3 Be7 12.Qg3 Qxg3  1/2-1/2

[Event "Nis Open 2013"]
[Site "Nis SRB"]
[Date "2013.03.25"]
[Round "6.14"]
[White "Krstic,Aca"]
[Black "Stojadinovic,T"]
[Result "1-0"]
[WhiteElo "1946"]
[BlackElo "1836"]

1.e4 c5 2.Nf3 e6 3.d4 cxd4 4.Nxd4 a6 5.Nc3 Nc6 6.Be3 Qc7 7.a3 b6 8.g3 Bb7
9.Nxc6 Bxc6 10.Bg2 d6 11.O-O Be7 12.Re1 Nf6 13.Qe2 O-O 14.Qc4 Rfc8 15.h3 Nd7
16.f4 b5 17.Qe2 Qb7 18.Rad1 Nb6 19.Kh2 Nc4 20.Bc1 Re8 21.b3 Nb6 22.Rd3 Rac8
23.Re3 d5 24.exd5 Nxd5 25.Nxd5 Bxd5 26.Bxd5 Qxd5 27.Bb2 Qf5 28.Rc1 Bf6 29.Be5 Qg6
30.c4 h5 31.c5 Be7 32.b4 Rc6 33.Rd1 Rec8 34.Red3 f5 35.Rd7 Bf6 36.R1d6 h4
37.Qf3 Bxe5 38.fxe5 a5 39.gxh4 Rxd6 40.exd6 Qf6 41.Re7 Rf8 42.Qe2 axb4 43.axb4 Qxh4
44.Qxe6+ Kh7 45.Qe3 f4 46.Qf3 Qf6 47.Re2 Qd4 48.Qe4+ Qxe4 49.Rxe4 f3 50.Kg1 Kg6
51.Kf2 Rd8 52.Kxf3 Kf5 53.Re7 g5 54.Rb7 Ke5 55.Rxb5 Kd4 56.Kg4 Rg8 57.Rb6 Rg7
58.d7  1-0

[Event "Mexico International Open"]
[Site "Puebla MEX"]
[Date "2013.03.26"]
[Round "1.4"]
[White "Solis Castro,Angel Alejan"]
[Black "Moradiabadi,E"]
[Result "0-1"]
[WhiteElo "2043"]
[BlackElo "2565"]

1.e4 c5 2.Nf3 e6 3.d4 cxd4 4.Nxd4 a6 5.Nc3 Qc7 6.Be2 Nf6 7.O-O d6 8.Be3 b5
9.a3 Bb7 10.f3 Nbd7 11.Qd2 Be7 12.Rad1 O-O 13.g4 Nc5 14.g5 Ne8 15.Bd3 Rd8
16.f4 d5 17.e5 g6 18.Nce2 Ne4 19.Qe1 Ng7 20.Ng3 Bc5 21.c3 Rfe8 22.Nb3 Bf8
23.Bxe4 dxe4 24.Qf2 Rd3 25.Bb6 Qd7 26.Rxd3 exd3 27.Rd1 Nf5 28.Nxf5 exf5 29.Na5 Ba8
30.Qd4 Qe6 31.Rxd3 Qa2 32.c4 Bxa3 33.Rxa3 Qb1+ 34.Kf2 Qc2+ 35.Ke1 bxc4 36.Qxc4 Qb1+
37.Kd2 Qxb2+ 38.Qc2 Qxa3 39.Nc4 Qf3 40.Be3 Rc8 41.Qd3 Qg2+ 42.Ke1  0-1

[Event "Pobeskydi Open 2013"]
[Site "Frydek-Mistek CZE"]
[Date "2013.03.28"]
[Round "2"]
[White "Kozel,Ji"]
[Black "Petkevich,Denis"]
[Result "1/2-1/2"]
[WhiteElo "2062"]
[BlackElo "1915"]

1.e4 c5 2.Nf3 e6 3.d4 cxd4 4.Nxd4 a6 5.Nc3 Qc7 6.Bd3 Nf6 7.O-O Bb4 8.h3 O-O
9.Kh1 Be7 10.f4 d6 11.Qe2 Nbd7 12.Bd2 b5 13.a3 Bb7 14.Rae1 Nc5 15.b4 Nxd3
16.cxd3 Rfc8 17.a4 bxa4 18.Nxa4 Bd8 19.Qd1 Qd7 20.Qa1 Bc6 21.Nxc6 Rxc6 22.Nb2 Nh5
23.Kh2 Bh4 24.Rb1 Bg3+ 25.Kh1 Qb7 26.Nc4 Qb5 27.Qb2  1/2-1/2

[Event "17th Neckar Open"]
[Site "Deizisau GER"]
[Date "2013.03.29"]
[Round "3.10"]
[White "Schmitz,Th"]
[Black "Solodovnichenko,Y"]
[Result "0-1"]
[WhiteElo "2343"]
[BlackElo "2559"]

1.e4 c5 2.Nf3 e6 3.Nc3 a6 4.d4 cxd4 5.Nxd4 d6 6.f4 b5 7.a3 Nf6 8.Bd3 Nbd7
9.O-O Bb7 10.Kh1 Be7 11.Bd2 O-O 12.Qf3 Rc8 13.Qh3 Nc5 14.Rae1 Qd7 15.b4 Nxd3
16.cxd3 Rc7 17.Rc1 Rfc8 18.Nce2 g6 19.Rxc7 Rxc7 20.Bc3 e5 21.Qxd7 Nxd7 22.Nb3 exf4
23.Rxf4 Ne5 24.Rf1  0-1

[Event "e2e4 Dublin Masters"]
[Site "Dublin IRL"]
[Date "2013.03.29"]
[Round "2"]
[White "Gayson,P"]
[Black "Kalaiyalahan,Akshaya"]
[Result "1-0"]
[WhiteElo "2115"]
[BlackElo "1815"]

1.e4 c5 2.Nf3 e6 3.d4 cxd4 4.Nxd4 a6 5.Nc3 d6 6.Be2 Nf6 7.O-O Qc7 8.f4 Be7
9.Kh1 O-O 10.a4 b6 11.Qe1 Bb7 12.Bd3 Nbd7 13.Qg3 Rfe8 14.Bd2 Nc5 15.e5 Nfe4
16.Nxe4 Nxe4 17.Qh3 g6 18.f5 dxe5 19.fxg6 hxg6 20.Rxf7 Bh4 21.Rxc7 Nf2+ 22.Kg1 Nxh3+
23.gxh3 Bd5 24.c4  1-0

[Event "Paskturneringen Open"]
[Site "Norrkoping SWE"]
[Date "2013.03.29"]
[Round "3"]
[White "Ahvenjarvi,Jani"]
[Black "Hillarp Persson,T"]
[Result "0-1"]
[WhiteElo "2244"]
[BlackElo "2527"]

1.e4 c5 2.Nf3 e6 3.Nc3 a6 4.d4 cxd4 5.Nxd4 b5 6.Bd3 Qb6 7.Nf3 Qc7 8.O-O Bb7
9.Re1 Be7 10.Qe2 Nc6 11.Bd2 d6 12.a4 b4 13.Na2 a5 14.c3 bxc3 15.Nxc3 Nf6
16.Nb5 Qb8 17.Rad1 O-O 18.Bf4 Nd7 19.Bb1 Ba6 20.Rd2 e5 21.Be3 Nb4 22.Bd3 Nxd3
23.Qxd3 Rc8 24.Rdd1 Nc5 25.Bxc5 Rxc5 26.Rc1 Bxb5 27.axb5 Qxb5 28.Qd2 Rac8
29.Rxc5 Qxc5 30.g3 Bd8 31.Kg2 Bb6 32.Re2 Qc4 33.Qd1 g6 34.h4 h5 35.Qd2 Kg7
36.Qd1 Bc5 37.Ng5 Bb4 38.Kh2 f6 39.Nf3 Rc7 40.Kg2 Qb5 41.Rc2 Rxc2 42.Qxc2 Bc5
43.b3 Kf7 44.Ne1 Qb4 45.Nf3 Qb5 46.Ne1 Ke6 47.Nd3 f5 48.f3 fxe4 49.fxe4 Kd7
50.Nb2 Bb6 51.Nc4 Qc5 52.Qd1 Kc6 53.Kh3 Bc7 54.Qd3 Qd4 55.Qc2 Kb7 56.Qe2 Qg1
57.Qf3 Qc1 58.Kh2 Qc2+ 59.Kh3 Qc1 60.Kh2 Qc2+ 61.Kh3 a4 62.Nxd6+ Bxd6 63.bxa4 Qxa4
64.g4 Qa3  0-1

[Event "ch-WLS 2013"]
[Site "Cardiff WLS"]
[Date "2013.03.30"]
[Round "3.11"]
[White "Ehsandar,Peter"]
[Black "Downey,K GCI"]
[Result "1/2-1/2"]
[WhiteElo "1950"]
[BlackElo "1941"]

1.e4 c5 2.Nf3 e6 3.d4 cxd4 4.Nxd4 a6 5.Nc3 Qc7 6.Bd3 Nf6 7.O-O b5 8.Qe2 d6
9.a3 Bb7 10.Kh1 Be7 11.f4 Nbd7 12.Bd2 O-O 13.Rae1 e5 14.Nf5 Bd8 15.Na2 exf4
16.Bxf4 Ne5 17.Bxe5  1/2-1/2

[Event "LVIII ch-Catarinense 2013"]
[Site "Florianopolis BRA"]
[Date "2013.03.30"]
[Round "5.10"]
[White "Silva,De2"]
[Black "Hille,Waltercler"]
[Result "1-0"]
[WhiteElo "1958"]
[BlackElo "1944"]

1.e4 c5 2.Nf3 e6 3.d4 cxd4 4.Nxd4 a6 5.Nc3 Qc7 6.a3 b5 7.Be3 Nf6 8.Bd3 Bb7
9.O-O Nc6 10.Nb3 Ne5 11.h3 d5 12.exd5 Nxd5 13.Nxd5 Bxd5 14.f4 Nxd3 15.Qxd3 Rc8
16.Rf2 Be7 17.Bd4 f5 18.Be5 Qb7 19.Nd4 Rg8 20.Re1 g5 21.g3 gxf4 22.Bxf4 Rg6
23.Qd1 Kd7 24.Kh2 Rcg8 25.Nxf5 exf5 26.Rd2 Rd6 27.Bxd6 Kxd6 28.Qe2 Bf6 29.Qe6+ Kc5
30.b4+ Kc4 31.Qe2+  1-0

[Event "Pobeskydi Open 2013"]
[Site "Frydek-Mistek CZE"]
[Date "2013.03.30"]
[Round "6"]
[White "Petr,Ja2"]
[Black "Snorek,M"]
[Result "0-1"]
[WhiteElo "2033"]
[BlackElo "2164"]

1.e4 c5 2.Nf3 e6 3.d4 cxd4 4.Nxd4 a6 5.Nc3 Qc7 6.Bd3 Nf6 7.O-O d6 8.Kh1 Be7
9.Qe2 Nbd7 10.Bd2 b6 11.Rae1 Bb7 12.f4 h5 13.Nf3 h4 14.e5 Nh5 15.exd6 Ng3+
16.hxg3 hxg3+ 17.Kg1 Qc5+ 18.Nd4 Qxd4+ 19.Qe3 Qxd6 20.Be4 O-O-O 21.Qf3 Qxd2
22.Bxb7+ Kb8 23.Ne4 Qd4+ 24.Re3 f5 25.Nxg3 Qxe3+ 26.Qxe3 Bc5 27.Qxc5 Nxc5
28.Bf3 Rd2 29.Rf2 Rhd8 30.Nf1 Rxf2 31.Kxf2 Na4 32.b3 Nc3 33.a4 a5 34.Kg3 Nb1
35.Kh4 Na3 36.Ne3 Rc8 37.Kg5 Rc3 38.Nd1 Rxc2 39.Kg6 Kc7 40.Kxg7 Kd6 41.Kf6 Rd2
42.g4 fxg4 43.Bxg4 Rd4 44.Kg5 Rb4 45.Nf2 Rxb3 46.Kf6 Re3 47.Nh3 Re4 48.Kf7 b5
49.axb5 Nxb5 50.Bf3 Re3 51.Ng5 a4 52.Bg4 Nc7 53.Kf6 Nd5+  0-1

[Event "6th Montalvo Open"]
[Site "Las Palmas ESP"]
[Date "2013.03.30"]
[Round "8.24"]
[White "Baez Ruiz,Victor"]
[Black "Aguila Hernandez,Eduardo"]
[Result "1/2-1/2"]
[WhiteElo "1552"]
[BlackElo "1871"]

1.e4 c5 2.Nf3 e6 3.d4 cxd4 4.Nxd4 a6 5.Nc3 b5 6.a3 Bb7 7.Be2 d6 8.O-O Nf6
9.Bf3 Be7 10.Re1 Nbd7 11.Bf4 e5 12.Bg3 exd4 13.Qxd4 Nb8 14.Rad1 Nc6 15.Qe3 Qc7
16.Nd5 Nxd5 17.exd5 Na5 18.b3 f6 19.Qe6 Rd8 20.Bh5+ g6 21.Qxf6 Rf8 22.Bxg6+ hxg6
23.Qxg6+ Rf7 24.Qg8+  1/2-1/2